Largest Cities In Canada - Statistics

General Stats
  • This quiz has been taken 24 times
  • The average score is 10 of 16
Answer Stats
Population City % Correct
1.6M Montreal
96%
1.1M Ottawa
96%
2.8M Toronto
96%
687K Vancouver
91%
1.6M Calgary
87%
1M Edmonton
87%
858K Quebec City
78%
503K Halifax
65%
857K Winnipeg
61%
793K Hamilton
52%
527K London
52%
780K Mississauga
35%
696K Surrey
30%
791K Brampton
26%
460K Laval
22%
365K Markham
17%
No matching quizzes found
Score Distribution
Percent of People with Each Score
Percentile by Number Answered
Your Score History
You have not taken this quiz